000
00478nam a2200157Ia 4500
008
100122s9999 xx 000 0 und d
082
_b
63672
_a
81
100
_a
घाटे निरंजन
245
_a
ऑपरेशन सद्दाम
260
_b
प्राजक्त
_c
2003
300
_a
80
630
_a
ऑपरेशन सद्दाम
700
_a
गोळे धनंजय
730
_a
ऑपरेशन सद्दाम
942
_c
BOOK
999
_c
437594
_d
437591